[Event "GER-chT U20"]
[Site "Kelheim"]
[Date "2007.12.27"]
[Round "1.6"]
[White "Woelfer, Jan"]
[Black "Wolff, Christoph1111"]
[Result "1-0"]
[WhiteElo "1803"]
[BlackElo "1665"]
[PlyCount "61"]
[EventDate "2007.12.27"]
[EventType "team-swiss"]
[EventRounds "7"]
[EventCountry "GER"]
[SourceTitle "EXT 2022"]
[Source "ChessBase"]
[SourceDate "2021.10.06"]
[SourceVersion "1"]
[SourceVersionDate "2021.10.06"]
[SourceQuality "1"]
[WhiteTeam "Sangerhausen U20"]
[BlackTeam "Stadtilm Blau Weiss U20"]
[WhiteTeamCountry "GER"]
[BlackTeamCountry "GER"]

1. e4 c5 2. Nf3 d6 3. d4 cxd4 4. Nxd4 Nf6 5. Nc3 a6 6. Be2 e5 7. Nb3 Be7 8. Be3 0-0 9. 0-0 Qc7 10. f3 Be6 11. Nd5 Bxd5 12. exd5 Nbd7 13. c4 Rab8 14. Rc1 Nc5 15. Nxc5 dxc5 16. Qc2 Bd6 17. Bg5 Nd7 18. Qf5 g6 19. Qh3 f6 20. Bh6 Rfe8 21. Bd3 b5 22. b3 bxc4 23. Rxc4 Nb6 24. Rg4 Qf7 25. Qh5 e4 26. Bxe4 f5 27. Bxf5 Re5 28. Bxg6 hxg6 29. Rxg6+ Kh8 30. Bg7+ Kg8 31. Qh8# 1-0